Senti chi ascolta Ricerca nazionale sui servizi di telefono amico dei Comitati Arcigay - Report finale

সংরক্ষণ করুন:
গ্রন্থ-পঞ্জীর বিবরন
প্রধান লেখক: Pozzoli, Laura
সংস্থা লেখক: Arcigay
অন্যান্য লেখক: Lelleri, Raffaele
বিন্যাস: গ্রন্থ
ভাষা:ইংরেজি
প্রকাশিত: Bologna Arcigay 2007
ট্যাগগুলো: ট্যাগ যুক্ত করুন
কোনো ট্যাগ নেই, প্রথমজন হিসাবে ট্যাগ করুন!

MARC

LEADER 00000nam a2200000 4500
005 20240529184546.0
008 240529b |||||||| |||| 00| 0 eng d
040 |c GP 
100 |a Pozzoli, Laura 
245 |a Senti chi ascolta  |b Ricerca nazionale sui servizi di telefono amico dei Comitati Arcigay - Report finale 
260 |a Bologna  |b Arcigay  |c 2007 
700 |a Lelleri, Raffaele 
710 |a Arcigay 
942 |2 ddc  |c BK  |n 0 
952 |0 0  |1 0  |2 ddc  |4 0  |6 306_766000000000000_ARC  |7 1  |9 1323  |a RM  |b RM  |d 2024-05-29  |l 0  |o 306.766 ARC  |p 147  |r 2024-05-29 18:46:07  |w 2024-05-29  |y BK 
999 |c 1220  |d 1220